000 01730nam a22002297a 4500
003 OSt
005 20220126130535.0
008 120627t xxu||||| |||| 00| 0 eng d
020 _a9780071267823
020 _a0071267824
040 _cLC
050 _aQA76.758.P75
100 _aPressman, Roger S.
245 _aSoftware engineering: a practitioners approach. /
_cRoger S. Pressman.
250 _a7th ed.
260 _aBoston:
_bMcGraw-Hill,
_c2010.
300 _axxviii, 895 p.:
_bill,;
_c24cm.
500 _aIncludes index.
505 _aContents: The Software process: Process models -- Agile development -- Modelling: Principles that guide practice -- Understanding requirements -- Requirements modeling: scenarios, information and analysis classes -- Requirements modeling: flow, behavior, patterns and webApps -- Design concepts -- Architectural design -- Component-level design -- User interface design -- Pattern-based design -- WebApp design -- Quality management: Quality concepts -- Review techniques -- Software quality assurance -- Software testing strategies -- Testing conventional applications -- Testing object-oriented applications -- Testing web applications -- Formal modeling and verification -- Software configuration management -- Product metrics -- Managing software projects: Project management concepts -- Process metrics -- Managing software projects: Project management concepts -- Process and project metrics -- Estimation for software projects -- Project scheduling -- Risk management -- Maintenance and reengineering -- Advanced topics: Software process improvement -- Emerging trends in software engineering -- Concluding comments --
650 _vSoftware engineering
942 _2lcc
_cBK
999 _c8488
_d15988